000 00634nam a2200217 a 4500
999 _c3104
_d3104
001 3104
003 BD-JhCC
005 20171109202922.0
008 171109s1970 bg |||| ||a| 000 0 ben d
035 _a(BD-JhCC)3104
040 _aBD-JhCC
_dBD-JhCC
041 _aben
082 _a891.442
_bROY 1970
100 _aরায়, দ্বিজেন্দ্র লাল
245 _aনূরজাহান /
_cদ্বিজেন্দ্র লাল রায়
260 _aঢাকা :
_bকথাকলি,
_c1970.
300 _a134 p. :
_c22 cm.
650 _aBengali Drama
942 _2ddc
_cBK